Capital Cities Situated On An International Border - Statistics

General Stats
  • This quiz has been taken 27 times
  • The average score is 14 of 16
Answer Stats
Neighbouring Country Answer % Correct
Spain Andorra La Vella
96%
Austria/Hungary Bratislava
96%
DRC Brazzaville
96%
Republic of the Congo Kinshasa
96%
Vatican City Rome
96%
Italy San Marino
96%
Malaysia Singapore
96%
Italy Vatican City
96%
Argentina Asuncion
91%
France Monaco
91%
Switzerland Vaduz
91%
Ghana Lome
78%
Thailand Vientiane
78%
South Africa Maseru
74%
DRC Bangui
61%
Cameroon N'Djamena
57%
No matching quizzes found
Score Distribution
Percent of People with Each Score
Percentile by Number Answered
Your Score History
You have not taken this quiz